00842cam a22002777a 450000100090000000300040000900500170001300800410003001000170007102000180008804000180010604100130012404200100013705000280014708200320017510000220020724501030022926000700033230000200040250400540042252100340047652600170051054100060052754600250053356200060055816609119OSt20140310183109.0110113s2010 ph b f000 0 eng  a 2010440316 a9789715426213 aDLCcDLCdDLC0 aengaceb alcode00aPL 5931.2 b.Sa129 2010 aFIL 899.2161009 bS129 20101 aSaga, Placida Go-10aFolk poetry of Southern Leyteba collection of secular and religious folk poetrycGo-Saga, Placida aDiliman, Quezon City bUniversity of the Philippines Presscc2010 a354 p. c23 cm. aIncludes bibliographical references (p. 351-352). ahighschool to college student c0L to 17000L j1 aEnglish and Cebuano. e1